| 000 | 00738nam a22002418a 4500 | ||
|---|---|---|---|
| 001 | 016025990 | ||
| 003 | Uk | ||
| 005 | 20130205111134.0 | ||
| 008 | 120130s2012 moua 001 0 eng|d | ||
| 020 | _a0323079334 (hbk.) | ||
| 020 | _a9780323079334 (hbk.) | ||
| 082 | 0 | 4 |
_a610.73 _223 _bFUN |
| 245 | 0 | 0 |
_aFundamentals of Nursing / _cPatricia Ann Potter. |
| 250 |
_a8th ed. / _bPatricia A. Potter ... [et al.]. |
||
| 260 |
_aSt. Louis, Mo. ; _aLondon : _bMosby, _c2012. |
||
| 300 |
_a1 v. : _bcol. ill. ; _c28 cm. |
||
| 500 | _aPrevious ed.: 2009. | ||
| 504 | _aIncludes bibliographical references and index. | ||
| 650 | 0 |
_aNursing. _932398 |
|
| 653 |
_bNUR _cFebruary2013 |
||
| 700 | 1 |
_aPotter, Patricia Ann. _932399 |
|
| 942 |
_2ddc _cNRB |
||
| 999 |
_c17230 _d17202 |
||